|
|
|
|
| LEADER |
02041nam a2200541 a 4500 |
| 001 |
nkc20142540507 |
| 003 |
CZ PrNK |
| 005 |
20140219131840.0 |
| 007 |
ta |
| 008 |
140117s2013 xr ab e 001 0 cze |
| 015 |
|
|
|a cnb002540507
|
| 020 |
|
|
|a 978-80-261-0329-5
|q (brož.)
|
| 035 |
|
|
|a (OCoLC)872341154
|
| 040 |
|
|
|a ABA001
|b cze
|
| 041 |
0 |
|
|a cze
|b eng
|b ger
|
| 043 |
|
|
|a e-xr---
|
| 072 |
|
7 |
|a 63
|x Zemědělství a příbuzné oblasti vědy a techniky
|2 Konspekt
|9 24
|
| 080 |
|
|
|a 63
|2 MRF
|
| 080 |
|
|
|a 63(091)
|2 MRF
|
| 080 |
|
|
|a 902:629.7
|2 MRF
|
| 080 |
|
|
|a 528.8
|2 MRF
|
| 080 |
|
|
|a (437.3)
|2 MRF
|
| 080 |
|
|
|a (048.8)
|2 MRF
|
| 100 |
1 |
|
|a Čulíková, Lucie
|7 hka2014805218
|4 aut
|
| 245 |
1 |
0 |
|a Nedestruktivní výzkum polních systémů =
|b Non-destructive research of field systems /
|c Lucie Čulíková
|
| 246 |
3 |
1 |
|a Non-destructive research of field systems
|
| 250 |
|
|
|a 1. vyd.
|
| 260 |
|
|
|a Plzeň :
|b Katedra archeologie Fakulty filozofické Západočeské univerzity v Plzni,
|c 2013
|
| 300 |
|
|
|a 100 s. :
|b il. (převážně barev.), mapy ;
|c 30 cm
|
| 500 |
|
|
|a 200 výt.
|
| 504 |
|
|
|a Obsahuje bibliografii, bibliografické odkazy a rejstřík
|
| 546 |
|
|
|a Anglické a německé resumé
|
| 650 |
0 |
7 |
|a zemědělství
|7 ph116770
|z Česko
|2 czenas
|
| 650 |
0 |
7 |
|a dějiny zemědělství
|7 ph488801
|z Česko
|2 czenas
|
| 650 |
0 |
7 |
|a letecká archeologie
|7 ph122261
|z Česko
|2 czenas
|
| 650 |
0 |
7 |
|a dálkový průzkum Země
|7 ph119671
|z Česko
|2 czenas
|
| 650 |
0 |
9 |
|a agriculture
|z Czechia
|2 eczenas
|
| 650 |
0 |
9 |
|a history of agriculture
|z Czechia
|2 eczenas
|
| 650 |
0 |
9 |
|a aerial archaeology
|z Czechia
|2 eczenas
|
| 650 |
0 |
9 |
|a remote sensing
|z Czechia
|2 eczenas
|
| 655 |
|
7 |
|a studie
|7 fd133597
|2 czenas
|
| 655 |
|
9 |
|a studies
|2 eczenas
|
| 910 |
2 |
|
|a BOA001
|b 4-1319.098
|
| 928 |
9 |
|
|a Západočeská univerzita v Plzni, Filozofická fakulta, katedra archeologie
|
| 990 |
|
|
|a BK
|
| 995 |
|
|
|a 01
|
| 991 |
|
|
|b 201402
|c NOV
|e n
|
| 996 |
6 |
|
|b 2610577617
|c 4-1319.098
|l MZK
|r Sklad / do 1 hodiny
|n 3
|p p.v.
|w 001395660
|u 000010
|a 1
|e BOA001
|j MZK50
|s P
|